Oiseaux des marais - Statistiques

Statistiques générales
  • Ce quiz a été pris 57 fois
  • Le résultat moyen est 10 sur 16
Statistiques - réponses
Par images Réponse % Correct
Canard colvert
96%
Héron cendré
96%
Gallinule poule d'eau
91%
Aigrette garzette
78%
Foulque macroule
72%
Échasse blanche
65%
Sarcelle d'hiver
59%
Busard des roseaux
57%
Bécassine des marais
54%
Chevalier gambette
54%
Avocette élégante
52%
Butor étoilé
50%
Bruant des roseaux
46%
Panure à moustache
39%
Phragmite des joncs
33%
Rousserolle effarvatte
28%
Aucun quiz correspondant
Distribution des résultats
% des personnes avec chaque résultat
Percentile par nombre de réponses
Votre historique - résultats
Vous n’avez pas pris ce quiz